| 000 | 00358 a2200133 4500 | ||
|---|---|---|---|
| 003 | Nust | ||
| 005 | 20170207154641.0 | ||
| 040 | _cNust | ||
| 082 | _a799 | ||
| 245 |
_aLec on Media Management (Photograph 2005) _cMCS |
||
| 260 |
_aRawalpindi _bMCS |
||
| 650 | _aPictures of Lec on Media Management in MCS (Photograph 2005) (Soft Copy) CD-14 | ||
| 651 | _aSweet Memories-MCS | ||
| 942 | _cBK | ||
| 999 |
_c199132 _d199132 |
||